000
00310nam a2200121Ia 4500
008
190216s9999||||xx |||||||||||||| ||und||
100
_a
Sankaranunni K
245
0
_a
Paristhidhi Vijnanathinade Moolathathiuawngal
260
_b
Kerala Bhasha Institute
_c
1974
300
_a
237p
650
_a
Botany
942
_c
BK
999
_c
37603
_d
37603